[Event "45th Olympiad 2024"]
[Site "Budapest HUN"]
[Date "2024.09.12"]
[Round "2.74"]
[Board "4"]
[White "Mwale, George"]
[Black "Nxumalo, Vuyo"]
[Result "1-0"]
[WhiteElo "2056"]
[BlackElo "1746"]
[PlyCount "83"]
[EventDate "2024.09.11"]
[WhiteTeam "Malawi"]
[BlackTeam "Eswatini"]
[WhiteTeamCountry "MWI"]

1. e4 {Schulz,Andre} e5 2. Nf3 Nc6 3. Bc4 Bc5 4. c3 Nf6 5. d3 h6 6. O-O O-O 7. d4 Bb6 8. d5 ({RR} 8. dxe5 Nxe4 9. Bd5 Nxf2 ({RR} 9... Nc5 10. Bf4 Ne7 11. Bc4 Ne6 12. Bc1 d5 13. exd6 cxd6 14. Na3 d5 15. Be2 Ng6 16. Nc2 Nef4 17. Nfd4 Nxe2+ 18. Qxe2 Re8 19. Qf3 Ne5 20. Qg3 Kh8 21. Bf4 Nc6 22. Nb5 Qf6 23. Be3 Ba5 24. Nc7) 10. Rxf2 d6 11. exd6 Qxd6 12. Bb3 Bxf2+ 13. Kxf2 Qf6 14. Qd2 g5 15. Kg1 Bg4 16. Qf2 Rfe8 17. Be3 ({RR} 17. Nbd2) 17... Bxf3 18. Nd2 Rxe3 ({RR} 18... Qe5 19. Nc4 Qf5 20. gxf3 b5 21. Nd2) 19. Qxe3 Bh5 20. Qh3 Be2 21. Re1 Re8 22. Bc4 Qd8 {½-½ So,W (2771)-Aronian,L (2792) Sinquefield Cup 4th 2016 (3)} {RR} 23. Bxf7+ Kxf7 24. Rxe2 Rxe2 25. Qh5+) ({RR} 8. dxe5 Nxe4 9. Qd5 Nc5 10. Be3 d6 11. Qd1 Nxe5 12. Nxe5 dxe5 13. Qc2 Qf6 14. Nd2 Bf5 15. Qc1 Rad8 16. Bxc5 Bxc5 17. b4 Bb6 18. a4 a5 19. Nb3 Qg6 20. bxa5 Bh3 21. g3 Qc6 {0-1 Chan,K (2271)-Pultinevicius,P (2587) Titled Tue 9th Apr Early 2024 (1)}) 8... Ne7 9. Bd3 d6 10. h3 Ng6 $146 ({RR} 10... Nh7 11. c4 f5 12. exf5 Bxf5 13. Nc3 c6 14. Bxf5 Nxf5 15. Ne4 Nf6 16. Qd3 Nxe4 17. Qxe4 Ng3 18. Qg4 Nxf1 19. Bxh6 Qf6 20. Bg5 Qf5 21. Rxf1 e4 22. Nh2 Bxf2+ 23. Kh1 Qxg4 24. Nxg4 Bg3 25. Rd1 {0-1 Tran,T (1915)-Nguyen,T (1800) VIE-ch (Women) 2018 (5)}) 11. c4 Nh5 12. Nc3 Nhf4 13. Bc2 a6 14. Kh2 Qf6 15. Ng1 Ne7 16. g3 Nfg6 17. Qe2 Nh8 18. f4 exf4 19. gxf4 Nhg6 20. Be3 Bxe3 21. Qxe3 Re8 22. Qg3 Bd7 23. Rae1 Qh4 24. Qxh4 Nxh4 25. f5 g5 26. Kg3 f6 27. Nge2 Nc8 28. Nd4 Re7 29. Ne6 Bxe6 30. dxe6 Na7 31. Nd5 Kf8 32. Nxf6 c6 33. Rd1 Rd8 34. e5 Nc8 35. Nd7+ Rexd7 36. exd7 Rxd7 37. e6 Rd8 38. f6 Re8 39. Rde1 b5 40. e7+ Kf7 41. Bd1 Nxe7 42. fxe7+ 1-0

[Event "45th Olympiad 2024"]
[Site "Budapest HUN"]
[Date "2024.09.12"]
[Round "2.76"]
[Board "2"]
[White "Colindres, Daniel"]
[Black "McCoy, Tom"]
[Result "0-1"]
[WhiteElo "2079"]
[BlackElo "1883"]
[PlyCount "70"]
[EventDate "2024.09.11"]
[WhiteTeam "Honduras"]
[BlackTeam "Papua New Guinea"]
[WhiteTeamCountry "HON"]
[BlackTeamCountry "PNG"]

1. e4 d5 2. exd5 Qxd5 3. d4 Nc6 4. Be3 Bf5 ({RR} 4... e5 5. dxe5 Qxd1+ 6. Kxd1 Nxe5 7. h3 Be6 8. b3 O-O-O+ 9. Kc1 g6 10. f4 Nc6 11. c3 Nge7 12. Nf3 Nf5 13. Bf2 Bd5 14. Nbd2 Bg7 15. Kb2 Rhe8 16. Rc1 Ne3 17. Bxe3 Rxe3 18. Bc4 Nb4 19. Ka3 {0-1 Bachand Fleurent,J (2174)-Roussel Roozmon,T (2435) Mauricie op Trois Rivieres 2006}) 5. c4 Qd6 $146 ({RR} 5... Qa5+ 6. Nc3 Nb4 7. Rc1 Nxa2 8. Ra1 Nxc3 9. Rxa5 Nxd1 10. Kxd1 e6 11. Nf3 Nf6 12. h3 Be7 13. Ne5 O-O 14. g4 Be4 15. f3 Bg6 16. Nxg6 hxg6 17. Bg2 Rfd8 18. Ke2 {½-½ Martin Valentin,F (2070)-Pages de Garriga,B Barceloneta op 3rd 2003}) ({RR} 5... Qd8 6. Nf3 e6 7. Be2 Bb4+ 8. Nc3 Bxc3+ 9. bxc3 Nf6 10. O-O O-O 11. Nh4 Re8 12. Nxf5 exf5 13. Qc2 h6 14. Qxf5 Ne4 15. Bd3 Qf6 16. Bxe4 Qxf5 17. Bxf5 Na5 18. Bd3 Rad8 19. Rab1 b6 20. Bf4 {1-0 Brookbanks,A-Mehta,H (1578) British Rapidplay 2024 (11.97)}) ({RR} 5... Qa5+ 6. Nc3 e6 7. Bd3 Nb4 8. Bxf5 Qxf5 9. Qa4+ c6 10. O-O-O Nd3+ 11. Rxd3 Qxd3 12. Nf3 Bd6 13. Rd1 Qf5 14. d5 b5 15. cxb5 cxd5 16. b6+ Ke7 17. Nd4 Qg6 18. Nc6+ Kf6 19. Qh4+ Kf5 20. Nd4+ {1-0 Tkachuk,K (1801)-Korfmacher,L (1868) Dortmund op-B 2004 (4)}) 6. Nc3 O-O-O 7. Nf3 Nf6 8. d5 Ne5 9. Nd4 Qd7 10. Ndb5 a6 11. Na7+ Kb8 12. Qb3 Ka8 13. O-O-O Nfg4 14. Bd4 Qd6 15. f4 Nd7 16. g3 e5 17. Bg1 exf4 18. Ncb5 axb5 19. Nxb5 Qh6 20. Qa4+ Kb8 21. Qa5 f3+ 22. Rd2 Nb6 23. d6 Bxd6 24. Bxb6 cxb6 25. Qa7+ Kc8 26. Qxb6 Qxd2+ 27. Kxd2 Bc5+ 28. Qxd8+ Rxd8+ 29. Kc3 Rd1 30. b4 Bf2 31. c5 Ne3 32. Nd6+ Kc7 33. b5 Be6 34. Ne4 Be1+ 35. Kb2 Ba5 0-1

[Event "45th Olympiad 2024"]
[Site "Budapest HUN"]
[Date "2024.09.12"]
[Round "2.77"]
[Board "1"]
[White "Mehrad, Ahmad Tamim"]
[Black "Kudakwashe Chinake"]
[Result "1-0"]
[WhiteElo "2015"]
[BlackElo "1859"]
[PlyCount "77"]
[EventDate "2024.09.11"]
[WhiteTeam "Afghanistan"]
[BlackTeam "Cayman Islands"]
[WhiteTeamCountry "AFG"]
[BlackTeamCountry "CAY"]

1. e4 c6 2. d4 d5 3. e5 Bf5 4. Ne2 e6 5. Ng3 Bg6 6. h4 f6 7. h5 Bf7 8. exf6 ({RR} 8. f4 Nh6 9. Nd2 Be7 10. Nf3 Nd7 11. Bd3 f5 12. Ng5 Ng4 13. Be2 Nh6 14. O-O O-O 15. Be3 c5 16. c3 Qb6 17. Qb3 c4 18. Qc2 Qc7 19. Nh1 b5 20. Nf2 a5 21. Nxf7 Rxf7 22. g4 fxg4 {1-0 Baskakov,E (2215)-Garcia Ramos,D (2433) Titled Tue 10th Jan Early 2023 (5)}) 8... Nxf6 9. h6 $146 ({RR} 9. Bd3 Bd6 10. h6 g6 11. Bg5 Nbd7 12. Qe2 Qc7 13. O-O O-O-O 14. Nd2 e5 15. c4 exd4 16. cxd5 Bxd5 17. Nde4 Nxe4 18. Nxe4 Rde8 19. Nxd6+ Qxd6 20. Qg4 Be6 21. Qf4 Qxf4 22. Bxf4 Rhf8 23. g3 Bf5 {0-1 Phan,T (1922)-Nguyen,T (1964) VIE-chT (Women) 2017 (1.19)}) ({RR} 9. Nc3 Bd6 10. Qf3 O-O 11. h6 g6 12. Bf4 Bxf4 13. Qxf4 Nbd7 14. Be2 Qe7 15. O-O e5 16. dxe5 Qxe5 17. Qd2 d4 18. Nd1 Nc5 19. f4 Qd6 20. Nf2 Rfe8 21. Rad1 Rad8 22. Bf3 Qf8 23. Rfe1 Rxe1+ {½-½ Srinath,R (2416)-Bernadskiy,V (2587) Budapest Spring op 2019 (9)}) ({RR} 9. Bd3 Nbd7 10. Qe2 Qc7 11. Nd2 O-O-O 12. Nf3 Bd6 13. Ng5 Rdf8 14. Rh3 Bxg3 15. Nxf7 Bxf2+ 16. Kxf2 Rxf7 17. Qxe6 Rff8 18. Rf3 Nxh5 19. Bf5 g6 20. Qxd7+ Qxd7 21. Bxd7+ Kxd7 22. Bh6 Rxf3+ 23. Kxf3 Re8 {0-1 Odler,D (2119)-Ochrana,L (2018) Bratislava Slovan op 2004 (3)}) 9... g6 10. Bg5 Nbd7 11. Nd2 Qb6 12. Nb3 a5 13. a4 Be7 14. Bd3 Bb4+ 15. c3 Bd6 16. O-O O-O 17. Qc2 e5 18. dxe5 Bxe5 19. Ne2 Ng4 20. Nbd4 c5 21. Bb5 Ndf6 22. Nf3 Bc7 23. Bxf6 Qxf6 24. Qd2 Be6 25. Ng5 Rad8 26. f3 Qe5 27. f4 Qf6 28. Rae1 Nxh6 29. Nxe6 Qxe6 30. Nd4 Qb6 31. Ne6 c4+ 32. Kh1 Rf5 33. g4 Nxg4 34. Qd4 Rh5+ 35. Kg2 Rd7 36. Qxb6 Bxb6 37. Bxd7 Rh2+ 38. Kg3 h5 39. Nd4 1-0

[Event "45th Olympiad 2024"]
[Site "Budapest HUN"]
[Date "2024.09.12"]
[Round "2.77"]
[Board "3"]
[White "Asefi, Zaheeruddeen"]
[Black "Shaw, Clifford"]
[Result "1-0"]
[WhiteElo "1947"]
[BlackElo "1744"]
[PlyCount "59"]
[EventDate "2024.09.11"]
[WhiteTeam "Afghanistan"]
[BlackTeam "Cayman Islands"]
[WhiteTeamCountry "AFG"]
[BlackTeamCountry "CAY"]

1. d4 e6 2. c4 f5 3. g3 Nf6 4. Bg2 Be7 5. Nc3 O-O 6. Qc2 d6 7. Nf3 a5 8. O-O Nc6 9. Rd1 Qe8 10. Nb5 ({RR} 10. e4 fxe4 11. Nxe4 e5 12. c5 Qh5 13. cxd6 cxd6 14. dxe5 dxe5 15. Re1 Bg4 16. Nfg5 Nd4 17. Qc4+ Kh8 18. h3 Be2 19. Qc7 Nxe4 20. Nxe4 Bb4 21. g4 Qg6 22. Bd2 Bxd2 23. Nxd2 Qf6 24. Ne4 Qf4 {0-1 Jovanic,O (2480)-Bosiocic,M (2561) Zagreb op-A 2011 (5)}) ({RR} 10. b3 e5 11. dxe5 dxe5 12. Nd5 Bd8 13. Bb2 e4 14. Bxf6 Bxf6 15. Nxc7 Qg6 16. Nxa8 Bxa1 17. Rxa1 exf3 18. Bxf3 Nb4 19. Qd2 f4 20. Nc7 fxg3 21. hxg3 Bg4 22. Bxg4 Qxg4 23. Nd5 Nc6 24. Ne3 Qg6 {1-0 De Silva,L (2398)-Spichkin,A (2035) Titled Tue 30th Jan Early 2024 (7)}) 10... Bd8 11. a3 e5 12. dxe5 $146 ({RR} 12. Bg5 e4 13. Nd2 Qh5 14. Bxf6 Rxf6 15. Nf1 Ne7 16. d5 Bd7 17. Nd4 c5 18. dxc6 Nxc6 19. Nb5 f4 20. Qxe4 Qh6 21. c5 fxg3 22. hxg3 Be7 23. Qe3 g5 24. Nxd6 Be6 25. Nxb7 Raf8 26. Bxc6 Rxf2 {1-0 Jirovsky,P (2358)-Trapl,J (2363) CZE-chT 0001 2000 (10)}) ({RR} 12. d5 Ne7 13. Nc3 Qh5 14. Ng5 h6 15. Ne6 Bxe6 16. dxe6 Nc6 17. Qb3 Ra6 18. c5 Kh8 19. Qxb7 Nd4 20. Qxa6 dxc5 21. Qc4 Ne4 22. Bxe4 fxe4 23. Be3 Qf5 24. Nxe4 Qxe4 25. Qxc5 Nxe6 26. Qxa5 Ng5 {1-0 Duneas,J (2079)-Tsoi,N (1716) North Shore op-A 37th 2011 (2)}) 12... dxe5 13. Be3 Qh5 14. Bc5 Re8 15. Nd2 e4 16. Nf1 f4 17. Bd4 f3 18. exf3 exf3 19. Bh1 Re2 20. Qb3 Bg4 21. Nc3 Nxd4 22. Rxd4 Be7 23. Qxb7 Rf8 24. b4 c5 25. Rd3 cxb4 26. Nxe2 fxe2 27. Qxe7 exf1=Q+ 28. Rxf1 Be2 29. Rd8 Re8 30. Bd5+ 1-0

[Event "45th Olympiad 2024"]
[Site "Budapest HUN"]
[Date "2024.09.12"]
[Round "2.78"]
[Board "1"]
[White "Andrade, Ivan"]
[Black "Solomon, Joshua"]
[Result "1-0"]
[WhiteElo "2132"]
[BlackElo "1587"]
[PlyCount "89"]
[EventDate "2024.09.11"]
[WhiteTeam "Mozambique"]
[BlackTeam "Antigua and Barbuda"]
[WhiteTeamCountry "MOZ"]

1. e4 c6 2. d4 d5 3. e5 Bf5 4. h4 h6 5. g4 Bh7 6. e6 fxe6 7. Bd3 Bxd3 8. Qxd3 Qd6 9. Ne2 $146 ({RR} 9. Qg6+ Kd7 10. Nf3 e5 11. Nxe5+ Kc7 12. Bf4 Nf6 13. Nd3 {1-0 Schloeffel,C (1898)-Zittro,C (1512) SVR-ch MAT-I 33rd 2010 (2)}) ({RR} 9. f4 Nd7 10. Nf3 O-O-O 11. Ne5 Nxe5 12. fxe5 Qd7 13. Be3 Kb8 14. Nc3 {½-½ Sosulin,E (2416)-Tishin,P (2427) Pervomaisky Autumn 2016 (4)}) ({RR} 9. f4 Nf6 10. Nf3 Ne4 11. Nc3 Nxc3 12. bxc3 Nd7 13. Qg6+ Kd8 14. Ne5 Nxe5 15. fxe5 Qd7 16. O-O Kc7 17. a4 c5 18. Ba3 b6 19. dxc5 bxc5 20. Bxc5 Qc6 21. Bd4 Kd7 22. Rab1 Qc8 23. Rb5 Rb8 {1-0 Prabhu,A-Bartlett-Davis,O Stokes Cup 2024 (3.3)}) ({RR} 9. Qg6+ Kd8 10. f4 e5 11. Qf5 e6 12. Qxe5 Qxe5+ 13. fxe5 c5 14. Ne2 Nc6 15. c3 cxd4 16. cxd4 Bb4+ 17. Bd2 Nge7 18. h5 Rf8 19. a3 Bxd2+ 20. Nxd2 Kd7 21. b4 Rac8 22. Nb3 b6 23. Rh3 Nd8 {½-½ Harandi,K-Onat,I Asia West-ch 1972 (6)}) 9... e5 10. dxe5 Qxe5 11. Nbc3 Na6 12. Bf4 Qf6 13. Qg3 O-O-O 14. O-O-O e6 15. g5 Qf7 16. g6 Qe8 17. Be5 Ne7 18. Nf4 Nf5 19. Qh3 Bd6 20. Rhe1 Rf8 21. h5 b5 22. Rd2 Qe7 23. Kd1 d4 24. Bxd6 dxc3 25. Bxe7 Rxd2+ 26. Kc1 Nd4 27. bxc3 Rxc2+ 28. Kb1 Rxf4 29. cxd4 Rfxf2 30. Qxe6+ Kc7 31. Bd6+ Kb6 32. Qg8 b4 33. Qb3 Rc3 34. Bc5+ Kb5 35. a4+ Ka5 36. Bxb4+ Nxb4 37. Qxc3 Kxa4 38. Qa1+ Kb3 39. Re3+ Kc4 40. Qc3+ Kb5 41. Qc5+ Ka4 42. Qxa7+ Kb5 43. Re5+ Kc4 44. Qf7+ Kc3 45. Qxf2 1-0

[Event "45th Olympiad 2024"]
[Site "Budapest HUN"]
[Date "2024.09.12"]
[Round "2.78"]
[Board "2"]
[White "Matthew Bailey"]
[Black "Jamal, Hamid Harmon Gulamo"]
[Result "0-1"]
[WhiteElo "1548"]
[BlackElo "1959"]
[PlyCount "86"]
[EventDate "2024.09.11"]
[WhiteTeam "Antigua and Barbuda"]
[BlackTeam "Mozambique"]
[BlackTeamCountry "MOZ"]

1. e4 c5 2. d4 cxd4 3. c3 g6 4. Nf3 Bg7 5. Bc4 d3 6. Qxd3 ({RR} 6. O-O Nc6 7. a4 Nf6 8. e5 Ng4 9. Bxf7+ Kxf7 10. Ng5+ Kg8 11. Qxg4 Nxe5 12. Qg3 h6 13. f4 hxg5 14. fxe5 d6 15. Bxg5 Bf5 16. Bf4 Qb6+ 17. Rf2 Rf8 18. Na3 dxe5 19. Bg5 Qe6 20. Re1 a6 {1-0 Dragnev,V (2438)-Vorobiov,E (2581) Bayern-chI Bank Hofmann 20th 2016 (8)}) 6... Nc6 7. Bf4 Qb6 $146 ({RR} 7... d6 8. Nbd2 Nf6 9. O-O O-O 10. Nb3 a6 11. Rad1 b5 12. Bd5 Bb7 13. Rfe1 Nxd5 14. exd5 Na7 15. Qe3 Re8 16. Bh6 e5 17. dxe6 Rxe6 18. Qd2 Bxh6 19. Qxh6 Bxf3 20. gxf3 Rxe1+ 21. Rxe1 Nc6 22. Re4 {1-0 Muratet Casadevall,A (2164)-Seletsky,G (2280) Benidorm op U2300 10th 2011 (8)}) ({RR} 7... d6 8. Na3 Nf6 9. O-O O-O 10. b4 Ng4 11. Bb3 Nge5 12. Qe3 Nxf3+ 13. Qxf3 Be6 14. Bd5 Qd7 15. Rac1 Rac8 16. Qe3 b6 17. Rfd1 Ne5 18. Bxe5 Bxe5 19. f4 Bg7 20. c4 Qa4 21. Bxe6 fxe6 22. Qh3 {½-½ Stokes,M (1968)-Bellers,C (1926) English Seniors 65+ 2024 (7.12)}) ({RR} 7... d6 8. Nbd2 Nf6 9. Qe2 O-O 10. h4 a6 11. e5 dxe5 12. Nxe5 Nxe5 13. Bxe5 b5 14. h5 bxc4 15. Qxc4 Qd5 16. Qf4 Bf5 17. Rh4 Rad8 18. Bxf6 Bxf6 {0-1 Raulino,M (1622)-Mafra,K (2124) Florianopolis Ribeiro Neto Memorial 2016 (1.1)}) 8. Bb3 Nf6 9. O-O a5 10. a3 Qxb3 11. Nbd2 Qb6 12. Nc4 Qa6 13. e5 Nh5 14. Bg5 b5 15. Ne3 h6 16. Nd5 O-O 17. Nc7 Qb7 18. Nxa8 hxg5 19. Nxg5 Qxa8 20. f4 Qa7+ 21. Kh1 Ba6 22. g4 Nxf4 23. Rxf4 Nxe5 24. Qh3 Bb7+ 25. Re4 Bxe4+ 26. Nxe4 Qb7 27. Qg2 Qc6 28. Rd1 Nxg4 29. Qxg4 f5 30. Qg2 Qxe4 31. Qxe4 fxe4 32. Rxd7 Rf7 33. Rd2 e3 34. Re2 Bh6 35. Kg2 e5 36. h3 a4 37. h4 Rf2+ 38. Rxf2 exf2 39. Kxf2 Bc1 40. Ke2 Bxb2 41. Kd3 Bxa3 42. c4 bxc4+ 43. Kxc4 Be7 0-1

[Event "45th Olympiad 2024"]
[Site "Budapest HUN"]
[Date "2024.09.12"]
[Round "2.79"]
[Board "1"]
[White "Celis, Joel"]
[Black "Cogan, Nicolas"]
[Result "1-0"]
[WhiteElo "1929"]
[BlackElo "2112"]
[PlyCount "113"]
[EventDate "2024.09.11"]
[WhiteTeam "Macau, China"]
[BlackTeam "Cote d’Ivoire"]

1. e4 c5 2. Nf3 Nc6 3. d4 cxd4 4. Nxd4 g6 5. c4 Bg7 6. Be3 Qb6 7. Nb5 Qa5+ 8. Bd2 Qd8 9. Bc3 Nf6 10. Nd2 d6 11. Be2 O-O 12. g4 $146 ({RR} 12. O-O Qb6 13. a4 a5 14. Kh1 Nd7 15. Bxg7 Kxg7 16. Nb1 Nf6 17. N1c3 Nb4 18. f4 Rd8 19. Rc1 Bd7 20. Qd2 Rac8 21. b3 Bc6 22. Bf3 Nd7 23. Nd5 Nxd5 24. exd5 Bxb5 25. axb5 Ra8 26. Rce1 Re8 {½-½ Abdulwahhab,A (2246)-Noritsyn,N (2372) Olympiad-38 Dresden 2008 (6)}) ({RR} 12. O-O a6 13. Nd4 Qb6 14. Nxc6 bxc6 15. e5 dxe5 16. Bxe5 Rd8 17. Qc1 Bh6 18. Bc3 Ne4 19. c5 Qc7 20. Rd1 Nxc3 21. Qxc3 Bg7 22. Qa3 Be6 23. Nc4 Qf4 24. Nb6 Rab8 25. g3 Qe5 26. Bf3 Qxb2 {1-0 Belli,G (2168)-Khumalo,K (2152) Titled Tue 10th Sep Late 2024 (4)}) ({RR} 12. O-O a6 13. Nd4 Qb6 14. Nc2 Be6 15. Rb1 Rac8 16. a4 Nd7 17. Bxg7 Kxg7 18. b4 a5 19. bxa5 Qxa5 20. Ne3 Qa7 21. Nd5 Nc5 22. Nb6 Rc7 23. Rb5 f6 24. Qa1 Bf7 25. Nd5 Bxd5 26. cxd5 Ne5 {0-1 De Wit,W-Knoppert,E (2375) Haarlem AKN op 02nd 1993 (2)}) 12... a6 13. Nd4 Qb6 14. Nxc6 bxc6 15. Bf3 e5 16. g5 Nd7 17. Nb3 a5 18. Qxd6 a4 19. c5 Qd8 20. Nd2 Qxg5 21. Qxc6 Ra6 22. Qd5 Qe7 23. Bb4 Nb8 24. Be2 Be6 25. Qd3 Nc6 26. Qxa6 Nxb4 27. Qxa4 Qxc5 28. O-O Bh3 29. Qb3 Bxf1 30. Nxf1 Nc6 31. Qc4 Qd6 32. Rd1 Nd4 33. Ng3 h5 34. Qd3 Rd8 35. Kh1 Qf6 36. Qe3 Kh7 37. f3 Bh6 38. Qf2 Rc8 39. Bd3 Rb8 40. b3 Ra8 41. Bb1 Rc8 42. Ne2 Nxe2 43. Qxe2 Rc3 44. Bd3 Qh4 45. b4 Bf8 46. b5 Bc5 47. a4 Ra3 48. Bc2 Qf4 49. Rf1 Bd4 50. Bd1 Kg7 51. Qc2 Rc3 52. Qe2 Ra3 53. Qg2 Rd3 54. a5 Rd2 55. Qg3 Qe3 56. f4 Qxe4+ 57. Qf3 1-0

[Event "45th Olympiad 2024"]
[Site "Budapest HUN"]
[Date "2024.09.12"]
[Round "2.79"]
[Board "2"]
[White "De Gondo, Simplice Armel"]
[Black "Mak, Tong Kuan"]
[Result "1-0"]
[WhiteElo "2045"]
[BlackElo "1902"]
[PlyCount "33"]
[EventDate "2024.09.11"]
[WhiteTeam "Cote d’Ivoire"]
[BlackTeam "Macau, China"]

1. c4 Nf6 2. Nc3 d6 3. d4 g6 4. e4 Bg7 5. f3 O-O 6. Bg5 c6 7. Qd2 a6 8. g4 ({RR} 8. h4 Nbd7 9. Nge2 b5 10. h5 e5 11. d5 Nb6 12. Ng3 cxd5 13. cxd5 Na4 14. Nd1 Bd7 15. Be2 a5 16. b3 Nc5 17. Nf2 b4 18. h6 Bh8 19. Nd3 Nxd3+ 20. Bxd3 Qb6 21. Be3 Qb7 22. O-O Ne8 {½-½ L'Ami,E (2594)-Atalik,S (2586) Corus-B Wijk aan Zee 2007 (2)}) 8... b5 9. h4 b4 $146 ({RR} 9... e5 10. d5 b4 11. Nd1 cxd5 12. cxd5 a5 13. h5 Nbd7 14. Ne2 Nc5 15. Ng3 Ra7 16. Nf2 Qb6 17. Be3 Ba6 18. g5 Nfd7 19. Ng4 Bxf1 20. Qh2 Bb5 21. hxg6 fxg6 22. Qxh7+ Kf7 23. Nh6+ Ke8 24. Qxg7 {1-0 Taimanov,M-Geller,E URS Trade UnionTeam-ch 1951}) ({RR} 9... Nbd7 10. h5 e5 11. d5 b4 12. Nd1 cxd5 13. cxd5 a5 14. Bb5 Nc5 15. Nf2 Ba6 16. Bxa6 Rxa6 17. Rc1 Qb6 18. Ne2 Qb5 19. Kf1 a4 20. Kg2 a3 21. b3 Ra7 22. Rc4 Rb8 23. Be3 Rc7 24. hxg6 {0-1 Grigoriants,S (2562)-Danielyan,V (2346) Titled Tue 25th Jul Late 2023 (3)}) ({RR} 9... Nbd7 10. a3 Bb7 11. h5 e5 12. cxb5 axb5 13. hxg6 fxg6 14. b4 exd4 15. Nce2 Qb6 16. Nxd4 Nxe4 17. fxe4 Qxd4 18. Qxd4 Bxd4 19. Rd1 Bc3+ 20. Ke2 d5 21. exd5 cxd5 22. Bg2 Nb6 23. Be3 Rae8 24. Kd3 {0-1 Frajka,P-Kovacocy,P (2270) SVK-chT2B 9596 1995 (5)}) 10. Nd1 Qb6 11. h5 Nxe4 12. fxe4 Bxg4 13. Be2 Bxd4 14. Bxg4 Bxg1 15. Qg2 Bd4 16. hxg6 fxg6 17. Be6+ 1-0

[Event "45th Olympiad 2024"]
[Site "Budapest HUN"]
[Date "2024.09.12"]
[Round "2.80"]
[Board "2"]
[White "Mimbasa Kutesa, Willy"]
[Black "Carpenter, Paul A"]
[Result "0-1"]
[WhiteElo "1848"]
[BlackElo "1985"]
[PlyCount "82"]
[EventDate "2024.09.11"]
[WhiteTeam "Democratic Republic of the Congo"]
[BlackTeam "Jersey"]

1. d4 b6 2. e4 Bb7 3. Nc3 e6 4. a3 d6 5. Nf3 h6 $146 ({RR} 5... Nf6 6. Bd3 Nbd7 7. O-O Be7 8. Re1 e5 9. Bc4 O-O 10. b4 exd4 11. Nxd4 Re8 12. Bb2 Bf8 13. Nf5 g6 14. Ng3 Bg7 15. f4 h5 16. Qd3 h4 17. Nf1 Nh5 18. Qf3 Qf6 19. e5 Qxf4 20. Qxb7 {½-½ Osterman,R-Planinc,A Vidmar Memorial-03 1975 (6)}) ({RR} 5... Be7 6. Bd3 a6 7. O-O Nd7 8. Re1 g5 9. Nd2 h5 10. Nc4 g4 11. d5 e5 12. Ne3 Nh6 13. b4 Bg5 14. a4 Rg8 15. a5 b5 16. Ne2 h4 17. c4 bxc4 18. Nxc4 Bxc1 19. Qxc1 Qf6 20. Ne3 {1-0 Tsydypov,Z (2565)-Demidov,M (2523) Titled Arena May 8th blitz 2021}) ({RR} 5... Nd7 6. Be3 g6 7. Qd2 Bg7 8. O-O-O Ngf6 9. Bh6 Bxh6 10. Qxh6 Nxe4 11. Nxe4 Bxe4 12. Ng5 Bb7 13. Nxh7 Qe7 14. Bb5 c6 15. Bd3 O-O-O 16. h4 Nf6 17. Qg5 Rxh7 18. g4 Nd5 {0-1 Okike,D (2157)-Pastar,S (2363) Titled Tue 27th Feb Early 2024 (3)}) ({RR} 5... Nd7 6. Be2 a6 7. O-O h6 8. h3 g6 9. d5 e5 10. Nh2 Bg7 11. Be3 Ngf6 12. b4 O-O 13. Qd2 Kh7 14. g3 Qe7 15. Bf3 Ng8 16. g4 Bf6 17. Ne2 Bg5 18. c4 Bxe3 19. Qxe3 Qg5 20. Qxg5 {1-0 Havasi,J (2136)-Emodi,G (2220) Budapest-chT1 Lilienthal 1718 2017 (4)}) 6. Bd3 g6 7. O-O Bg7 8. Be3 Nd7 9. Ne2 Ne7 10. Ng3 a6 11. c4 c5 12. b4 Nc6 13. d5 exd5 14. exd5 Nce5 15. Rb1 Bc8 16. Ne4 Nxf3+ 17. Qxf3 Ne5 18. Qe2 f5 19. Ng3 O-O 20. f4 Ng4 21. bxc5 bxc5 22. Kh1 Qh4 23. h3 Qxg3 24. hxg4 Qh4+ 25. Kg1 fxg4 26. Bf2 Bd4 27. Bxd4 g3 28. Rf3 Qh2+ 29. Kf1 cxd4 30. Rxg3 Qxg3 31. f5 Bxf5 32. Bxf5 Rxf5+ 33. Kg1 Qe3+ 34. Qxe3 dxe3 35. Re1 Re8 36. Re2 Rf4 37. a4 Rxc4 38. Kh2 Rd4 39. Kg3 Rxd5 40. Kf3 Rd2 41. Rxe3 Rxe3+ 0-1

[Event "45th Olympiad 2024"]
[Site "Budapest HUN"]
[Date "2024.09.12"]
[Round "2.81"]
[Board "1"]
[White "Houssein, Mohamed Bilal"]
[Black "Wu, Li"]
[Result "0-1"]
[WhiteElo "1870"]
[BlackElo "2325"]
[PlyCount "76"]
[EventDate "2024.09.11"]
[WhiteTeam "Djibouti"]
[BlackTeam "Isle of Man"]
[WhiteTeamCountry "DJI"]
[BlackTeamCountry "IOM"]

1. e4 {Postny,Evgeny} c5 2. Nf3 Nc6 3. d4 cxd4 4. Nxd4 e5 5. Nb5 d6 6. c4 ({RR} 6. N1c3 a6 7. Na3 b5 8. Nd5 Nf6) 6... g6 7. Be2 ({RR} 7. Be3 Be6 8. N1c3 a6 9. Na3 Nf6 ({RR} 9... Bh6 10. Bxh6 Nxh6 11. Qd2 Ng4 12. Rd1 ({RR} 12. Be2 O-O 13. Nc2) 12... Qb6 13. Nd5 Bxd5 14. cxd5 Nd4 15. Nc4 Qd8 16. Bd3 O-O 17. O-O Rc8) 10. Be2 Bg7 11. Nc2 Rc8 12. Rc1 O-O 13. O-O Ne7 14. Na3 ({RR} 14. b3 b5) 14... Nc6 15. Re1 Nd4 16. f3 ({RR} 16. Bxd4 exd4 17. Qxd4 Nd5 18. Qd2 Nxc3 19. bxc3 Qa5) 16... Qb6 17. Rb1 Nxe2+ ({RR} 17... Bh6 18. Bf2 ({RR} 18. Bxh6 Nxf3+ 19. Kh1 Ng4 20. gxf3 ({RR} 20. Rf1 Qg1+ 21. Rxg1 Nf2#) 20... Nf2+ 21. Kg2 Nxd1 22. Rexd1 Rfe8) 18... Nxe2+ 19. Rxe2 Qb4) ({RR} 17... Nh5) 18. Rxe2 Qb4 19. Rd2 Rfd8 ({RR} 19... Bxc4 20. Nxc4 Qxc4 21. Rxd6) 20. c5 ({RR} 20. Qb3 Qxb3 21. axb3 b5 ({RR} 21... Bf8 22. Nc2) 22. cxb5 axb5 23. Naxb5 Bxb3 24. Nxd6) 20... Qa5 21. Rxd6 ({RR} 21. cxd6 Rxc3) ({RR} 21. Nd5 Bxd5 ({RR} 21... Nxd5 22. exd5 Bf5 23. Nc4 Qb5 24. Nxd6 Rxd6 25. cxd6 Bxb1 26. Qxb1 Bf8) 22. exd5 dxc5 23. Nc4 Qb5 24. Rc1 e4) 21... Bf8 {1-0 Ivanchuk,V (2715)-Jobava,B (2727) Tata Steel-A 77th 2015 (1)}) ({RR} 7. N1c3 a6 8. Na3 Be6 9. Be2 Bg7 10. O-O Nge7 11. Nc2 O-O 12. Be3 f5 13. f3 fxe4 14. Nxe4 Nf5 15. Bf2 Kh8 16. Qd2 Nfd4 17. Rfd1 Rc8 18. b3 Bg8 19. Rac1) 7... Be6 8. O-O Rc8 9. f4 $146 ({RR} 9. N1c3 a6 10. Na3 Nd4 11. Be3 Bg7 12. Nd5 Ne7 13. f4 O-O 14. Rc1 Nxd5 15. exd5 Nxe2+ 16. Qxe2 Bf5 17. fxe5 Bxe5 18. c5 dxc5 19. Bxc5 Re8 20. Qf2 Qf6 21. Nc4 Rxc5 22. Nxe5 Rxc1 23. Rxc1 Qxe5 {0-1 Baches Garcia,G (2329)-Schill,W (2147) Titled Tuesday intern op 12th Jan blitz 2021 (1)}) ({RR} 9. Be3 Nf6 10. N5c3 Bg7 11. Nd2 O-O 12. Nd5 Bxd5 13. cxd5 Nd4 14. Bxd4 exd4 15. Qb3 Nd7 16. Bg4 Nc5 17. Qa3 Rc7 18. b4 Na6 19. Nb3 Rc3 20. Rac1 Qg5 21. Be2 Rfc8 22. Bxa6 bxa6 23. Rcd1 h5 {0-1 Tomczak,J (2598)-Kozak,A (2442) chess.com Speed Poland 2024 (1.11)}) ({RR} 9. b3 Nf6 10. Bg5 h6 11. Bxf6 Qxf6 12. Nxd6+ Bxd6 13. Qxd6 Rd8 14. Qc5 Nd4 15. Bd1 b6 16. Qa3 Qg5 17. Kh1 Qe7 18. Qc1 Qg5 19. Nc3 Qxc1 20. Rxc1 Ke7 21. Bc2 a6 22. Rfd1 b5 23. Bd3 Rb8 {½-½ Dervishi,E (2511)-Dardha,D (2552) ITA-chTB 53rd 2022 (1.2)}) 9... a6 10. f5 axb5 11. fxe6 fxe6 12. Na3 Nd4 13. Nxb5 Qb6 14. Be3 Bg7 15. b4 Ke7 16. a4 Nf6 17. a5 Qc6 18. Nxd4 exd4 19. Bxd4 e5 20. Bb6 Rhf8 21. c5 Nxe4 22. cxd6+ Qxd6 23. Qb3 Nd2 24. Rxf8 Nxb3 25. Rxc8 e4 26. Bd8+ Ke6 27. Bg4+ Kd5 28. Rd1+ Bd4+ 29. Kh1 h5 30. Bb6 hxg4 31. Rd8 Qxd8 32. Bxd8 e3 33. g3 Kc4 34. Kg2 e2 35. Re1 Kd3 36. Bg5 Bc3 37. Kf2 Bxe1+ 38. Kxe1 Nd4 0-1